| 000 | 00000nam##2200000za#4500 |
| 001 | 9.672909 |
| 003 | CaOODSP |
| 005 | 20210615131221 |
| 007 | ta |
| 008 | 150407|2011||||xxc||||| f|0| 0 eng|d |
| 020 | |a978-1-100-53107-6 |
| 040 | |aCaOODSP|beng |
| 041 | |aeng |
| 041 | |afre |
| 043 | |an-cn--- |
| 086 | 1 |aHS28-190/2011 |
| 110 | 1 |aCanada. |bHuman Resources and Skills Development Canada. |
| 245 | 10|aChoosing the right RESP |
| 246 | 1 |iAt head of title : |aCanada Education Savings Program |
| 260 | |aOttawa - Ontario : |bHuman Resources and Skills Development Canada |cc2011. |
| 300 | |aEnglish text, 1 folded sheet ([5]p.) ; |c22 cm. |
| 520 | 3 |aAre you thinking about opening a Registered Education Savings Plan (RESP) to finance your child’s post-secondary education? This pamphlet will walk you through the process. |
| 563 | |aPamphlet |
| 590 | |a11-50|b2011-12-16 |
| 776 | 0#|tChoisir le bon REEE |w(CaOODSP)9.638576 |
| 776 | 0#|tChoosing the right RESP |w(CaOODSP)9.694402 |
| 792 | |tChoisir le bon REEE |efre|w(CaOODSP)9.672910 |
| 986 | |aLC-112-03-11 |